| 000 | 01065nam a2200301 i 4500 | ||
|---|---|---|---|
| 001 | 11749 | ||
| 003 | ES-MaACL | ||
| 005 | 20250716062523.0 | ||
| 007 | t| | ||
| 008 | 881121s1992 sp ||||0| spa j ..| | ||
| 015 | _a1988-DIC-24487 | ||
| 016 | 7 | _zSAB9000033983 | |
| 020 | _a84-376-0663-2 | ||
| 040 |
_aM-BN-DP _bspa _cM-BN-DP |
||
| 080 | _a820-23"15" | ||
| 100 | 1 |
_aShakespeare, William, _d1564-1616 _9105992 |
|
| 245 | 1 | 0 |
_aMacbeth / _cWilliam Shakespeare ; edición bilingüe del Instituto Shakespeare dirigida por Manuel Angel Conejero ; traducida en el Instituto Skakespeare por Manuel Angel Conejero... [et al.]. |
| 250 | _a3ª ed. | ||
| 260 |
_aMadrid : _bCátedra, _cD.L. 1992. |
||
| 300 |
_a343 p ; _c19 cm. |
||
| 490 | 1 |
_aLetras universales ; _v55 |
|
| 504 | _aBibliografía: p. 45-49. | ||
| 700 | 1 |
_aConejero Dionís-Bayer, Manuel Angel. _940155 |
|
| 710 | 2 |
_aUniversidad de Valencia. _bInstituto Shakespeare. _97330 |
|
| 830 | 0 |
_aLetras universales ; _v55 _9178013 |
|
| 852 |
_aES-MaACL _jL-19024 _bR.125085 |
||
| 999 |
_c11749 _d11749 |
||